Atlas

Na minha lista:
Detalhes bibliográficos
Corporate Authors: República de Chile (Author), Ministerio de Industria i Obras Públicas (Author)
Formato: Livro
Idioma:espanhol
Publicado em: Santiago Imprenta de los Ferrocarriles 1910
Edição:1a. ed
Assuntos:
Tags: Adicionar Tag
Sem tags, seja o primeiro a adicionar uma tag!

MARC

LEADER 00000nam a2200000 a 4500
001 UCJ8352
003 CL-VaPUC
008 070124e19100000CL |||||||||||||||||spa|d
082 0 4 |a 625  |b REP  |2 21 
110 2 |a República de Chile  |e author  |9 517133 
710 2 |a Ministerio de Industria i Obras Públicas  |e author  |9 517134 
245 1 0 |a Atlas 
246 1 0 |a Anexo a la Monografía de los Ferrocarriles Fiscales de Chile presentada al Congreso de Ferrocarriles de Buenos Aires en 1910 
250 |a 1a. ed 
942 |c BK 
945 |d 20070124 00:00:00  |a rinostro 
260 |a Santiago  |b Imprenta de los Ferrocarriles  |c 1910 
500 |a Formato .55x37 m 
650 0 |a Ferrocarriles  |9 260933 
650 0 |a Ilustraciones  |9 369481 
650 0 |a Mapas  |9 260844 
583 |a last modification  |c 20070124 00:00:00  |k Rodrigo Vera 
999 |c 324107  |d 324105 
952 |0 0  |1 0  |4 0  |6 625_000000000000000_REP_1910  |7 0  |8 X  |9 404020  |a FDOBUD  |b FDOBUD  |d 2019-11-22  |i 1076620  |o 625 REP 1910  |p 1076620  |r 2019-11-22  |w 2019-11-22  |y BK_X  |k BUD